| 000 | 00847nam0a22002531 4500 | ||
|---|---|---|---|
| 001 | rc\2812766 | ||
| 005 | 20250806210829.0 | ||
| 035 | _a(NLR Aleph) 006938586 | ||
| 090 |
_a36631 _c36631 |
||
| 100 | _a20110915d1944 u y0rusy50 ca | ||
| 101 | 0 | _arus | |
| 102 | _aRU | ||
| 105 | _aa z ||||| | ||
| 200 | 1 |
_aУдвоим урожай картофеля и овощей хорошим уходом и подкормкой _fЗ. И. Журбицкий |
|
| 210 |
_aУлан-Удэ _cБурмонгиз _d1944 |
||
| 215 |
_a27 с. _cил. _d14 см. |
||
| 700 | 1 |
_aЖурбицкий _bЗ.И. _f1897- _gЗенон Иосифович |
|
| 801 | 0 |
_aRU _bNLR _gpsbo |
|
| 801 | 1 |
_aRU _bELAR _2rusmarc |
|
| 852 |
_aNLR _jС40 Г-2/146 |
||
| 942 | _cBOOK | ||
| 945 | _aРоссийская национальная библиотека | ||
| 980 | _aNB | ||
| 980 | _aBV | ||